Star Wars Charaktere - Sudden Death - Statistiken

Allgemein
  • Dieses Quiz wurde 1.368 mal gespielt
    1.283 seit der letzten Aktualisierung
  • Das Durchschnittsergebnis liegt bei 14 aus 18
Answers on the Grid
Answers color-coded by a green-red scale on the quiz's grid according to % correct below.
Obi-Wan Kenobi
Jar Jar Binks
Leia Organa
Lot-Ionan
Jabba der Hutte
Kylo Ren
Padmé Amidala
Darth Maul
Yoda
Mace Windu
Count Dooku
Armitage Hux
Anakin Skywalker
Wilhuff Tarkin
R2-D2
Jon Snow
Jean-Luc Picard
Jonah Hex
Luce Cage
Rufus Scrimgeour
Captain Jack Sparrow
Obi-Wan Orbi und Dark Vader
Sauron
Digory Kirke
Captain Vidal
Chewbacca
Han Solo
Jasper Grant
Yondu Udonta
Qui-Gon Jinn
Silco
Sheev Palpatine
 
Antwortstatistiken
Antwort % Korrekt
Anakin Skywalker
83%
Han Solo
83%
Obi-Wan Kenobi
83%
Yoda
83%
Chewbacca
82%
R2-D2
82%
Darth Maul
80%
Kylo Ren
80%
Jar Jar Binks
79%
Leia Organa
78%
Mace Windu
78%
Padmé Amidala
78%
Qui-Gon Jinn
78%
Count Dooku
77%
Jabba der Hutte
77%
Sheev Palpatine
63%
Wilhuff Tarkin
51%
Armitage Hux
40%
Keine übereinstimmenden Quizze gefunden
Verteilung der Resultate
Anzahl Personen mit jedem Resultat
Perzentil nach korrekt beantworteten Fragen
Ihre Resultats-Entwicklung
Sie haben dieses Quiz seit der letzten Aktualisierung nicht gespielt